000 01908cam a2200361 i 4500
001 126890
005 20230411085740.0
008 131205s2014 enka b 001 0 eng c
035 _a17963791
010 _a 2013956955
016 7 _a016557388
_2Uk
020 _a9780199668526 (pbk.)
020 _a0199668523 (pbk.)
035 _a(OCoLC)ocn859580892
040 _aBTCTA
_beng
_cBTCTA
_erda
_dBDX
_dUKMGB
_dYDXCP
_dCDX
_dIHI
_dGUL
_dCWJ
_dRST
_dDLC
042 _apcc
050 1 4 _aR AC 5
_b573
100 1 _aHerring, Jonathan.
245 1 0 _aFamily law :
_ba very short introduction /
_cJonathan Herring.
250 _a1st ed.
260 _aOxford, United Kingdom :
_bOxford University Press,
_c2014.
300 _a118 p. :
_bill. ;
_c18 cm.
490 1 _aVery Short introductions;
_vn.379
504 _aIncludes bibliographical references (p. 113-116) and index.
505 0 _aMarriage, civil partnership, and cohabitation -- Domestic violence -- Divorce -- Parents -- Children's rights -- Child abuse -- Alimony and financial orders -- Where next for family law?
520 _a"What is a family? What makes someone a parent? What rights should children have? [This book] gives the reader insight not only into what the law is, but why it is the way it is. It examines how laws have had to respond to social changes in family life, from rapidly rising divorce rates to surrogate mothers, and gives insight into family courts, which are required to deal with the chaos of family life and often struggle to keep up-to-date with social and scientific changes. It also looks to the future: what will families look like in the years ahead? What new dilemmas will the courts face?" --Provided by publisher.
650 0 _aDomestic relations.
650 4 _aRelaciones familiares.
650 4 _aDerecho de familia
830 0 _aVery short introductions;
_vn.379.
942 _2lcc
_cbk
946 _arsfv
999 _c106892
_d106892